Movies by the Wide Shot II Quiz Stats

Quiz Updated Aug 20, 2017

Challenge
Share
Tweet
Score 0/25 Timer 07:00
48 Plays Today
% Correct
Star Wars: Return of the Jedi
99.2%
The Lord of the Rings: The Fellowship of the Ring
88.8%
Beauty and the Beast
88.1%
Batman Forever
87%
The Shining
82.7%
Inception
77.5%
Fargo
72.5%
Harry Potter and the Order of the Phoenix
71.1%
Raging Bull
65%
The Exorcist
63.2%
Frozen
57.7%
Shaun of the Dead
56.8%
The Incredibles
55.4%
% Correct
Jurassic World
53.6%
Edward Scissorhands
52.3%
Mad Max: Fury Road
49.4%
The Last Emperor
45.6%
DodgeBall: A True Underdog Story
45.3%
Up in the Air
41.6%
Gremlins
39.2%
King Kong
37%
Rear Window
33.2%
Oblivion
31.3%
Manhattan
22.8%
The Prestige
22.2%

You're not logged in!

Compare scores with friends on all Sporcle quizzes.
Join for Free
OR
Log In

You Might Also Like...

Show Comments

Extras

Top Quizzes Today


Score Distribution

Your Account Isn't Verified!

In order to create a playlist on Sporcle, you need to verify the email address you used during registration. Go to your Sporcle Settings to finish the process.

Report this User

Report this user for behavior that violates our Community Guidelines.

Details: